[Event "11th Essent op"]
[Site "Hoogeveen NED"]
[Date "2007.10.12"]
[Round "1.31"]
[White "Bok, Benjamin"]
[Black "De Jong, Migchiel"]
[Result "0-1"]
[WhiteElo "2115"]
[BlackElo "2341"]
[EventDate "2007.10.12"]
[PlyCount "72"]

1.e4 e6 2.d4 d5 3.Nd2 c5 4.exd5 Qxd5 5.Ngf3 cxd4 6.Bc4 Qd6 7.O-O Nf6 8.Nb3
Nc6 9.Nbxd4 Nxd4 10.Nxd4 a6 11.b3 Qc7 12.Bb2 Bd6 13.Nf3 b5 14.Bd3 Bb7 15.
Re1 O-O-O 16.a4 b4 17.Qe2 Qc6 18.Qf1 Nd5 19.a5 Kb8 20.Nd4 Qc8 21.Be4 Nc3 
22.Bxb7 Kxb7 23.Qd3 Nd5 24.Qf3 Rd7 25.Rec1 Rc7 26.Ne2 Kb8 27.Bxg7 Rg8 28.
Bd4 f5 29.Ra2 Qb7 30.c4 bxc3 31.Rac2 Rgc8 32.Bxc3 Nf4 33.Qxb7+ Kxb7 34.Rd1
Nxe2+ 35.Rxe2 Rxc3 36.Rxe6 Rd3 0-1

[Event "11th Essent op"]
[Site "Hoogeveen NED"]
[Date "2007.10.12"]
[Round "1.32"]
[White "Ruijgrok, Dennis"]
[Black "Sadallah, Osama"]
[Result "1-0"]
[WhiteElo "2330"]
[BlackElo "2108"]
[EventDate "2007.10.12"]
[PlyCount "118"]

1.e4 d6 2.Nc3 g6 3.g3 Bg7 4.Bg2 e5 5.Nge2 Nc6 6.d3 Nge7 7.O-O O-O 8.f4 f5 
9.fxe5 dxe5 10.exf5 gxf5 11.Be3 Be6 12.Qd2 Kh8 13.Bh6 Rg8 14.Bxg7+ Rxg7 
15.Rf2 Nd4 16.Nxd4 Qxd4 17.Re1 c6 18.Qe3 Qxe3 19.Rxe3 Ng6 20.Ne2 Rf8 21.d4
e4 22.Nf4 Nxf4 23.Rxf4 Rd8 24.c3 Rf7 25.Re1 Kg7 26.a3 b6 27.g4 fxg4 28.
Rxf7+ Kxf7 29.Bxe4 c5 30.dxc5 bxc5 31.Bxh7 Rd2 32.b4 Bd5 33.Be4 cxb4 34.
axb4 Bc4 35.Bf5 Bd5 36.Be4 Bc4 37.Ra1 a6 38.Bb7 Rc2 39.Ra3 Kf6 40.Bxa6 Bd5
41.Bf1 Ke5 42.b5 Kd6 43.Ra6+ Ke5 44.Ra3 Kd6 45.Ra4 Rxc3 46.Rxg4 Rc8 47.h4 
Rh8 48.Bd3 Kc5 49.Kf2 Rf8+ 50.Kg1 Rf3 51.Bf1 Rf8 52.Rg5 Kd4 53.h5 Rf4 54.
b6 Kc5 55.Bg2 Kxb6 56.Rxd5 Kc7 57.Kh2 Rf6 58.Kg3 Rd6 59.Rxd6 Kxd6 1-0

[Event "11th Essent op"]
[Site "Hoogeveen NED"]
[Date "2007.10.12"]
[Round "1.33"]
[White "Fernandez, Daniel Howard"]
[Black "Hedke, Fred"]
[Result "0-1"]
[WhiteElo "2102"]
[BlackElo "2323"]
[EventDate "2007.10.12"]
[PlyCount "124"]

1.e4 e5 2.Nf3 d6 3.d4 exd4 4.Nxd4 Nf6 5.f3 Be7 6.c4 O-O 7.Nc3 Nc6 8.Be3 
Re8 9.Be2 Ne5 10.O-O c6 11.Rc1 Bf8 12.Bf2 a6 13.Qb3 Ng6 14.Rfd1 Qa5 15.Bf1
Qg5 16.Nce2 Nh5 17.Be3 Qf6 18.Ng3 Nxg3 19.hxg3 c5 20.Ne2 b5 21.Nc3 Be6 22.
Nd5 Bxd5 23.cxd5 Qe5 24.Bf2 Be7 25.Re1 Bf6 26.Rc2 h5 27.f4 Qe7 28.Qf3 h4 
29.gxh4 Bxh4 30.g3 Bf6 31.Bh3 Nf8 32.Qa3 a5 33.e5 dxe5 34.Bxc5 Qd8 35.Bxf8
Qxd5 36.Qc5 Qd3 37.Re3 Qd1+ 38.Bf1 exf4 39.Rd3 Qg4 40.Bd6 fxg3 41.Bxg3 
Rac8 42.Qf2 Rxc2 43.Qxc2 Bd4+ 44.Kh2 Re6 45.Rxd4 Qxd4 46.Bd3 Qd8 47.Qd1 
Rh6+ 48.Kg2 Qe8 49.Qf3 b4 50.Qd5 a4 51.Bb5 Qc8 52.Qe4 Qh3+ 53.Kf2 Rf6+ 54.
Bf4 g5 55.Qd5 Qh4+ 56.Ke2 Qxf4 57.Qc5 g4 58.Bxa4 g3 59.Bc6 Qg4+ 60.Kd3 g2 
61.Bxg2 Qxg2 62.Qxb4 Rf3+ 0-1

[Event "11th Essent op"]
[Site "Hoogeveen NED"]
[Date "2007.10.12"]
[Round "1.34"]
[White "Pg, Mohd Omar Ak Hirawa"]
[Black "Klein, David"]
[Result "1-0"]
[WhiteElo "2316"]
[BlackElo "2086"]
[EventDate "2007.10.12"]
[PlyCount "55"]

1.e4 c5 2.Nf3 d6 3.d4 cxd4 4.Nxd4 Nf6 5.Nc3 a6 6.Bc4 e6 7.Bb3 Nbd7 8.O-O 
Nc5 9.Re1 Be7 10.f4 O-O 11.e5 dxe5 12.fxe5 Nfd7 13.Qg4 Nxb3 14.Nxb3 Kh8 
15.Bf4 Nc5 16.Rad1 Qc7 17.Re3 Nxb3 18.Rg3 g6 19.axb3 b5 20.Bh6 Rd8 21.Rf1 
Qxe5 22.Qf3 Ra7 23.Kh1 f5 24.Qf2 Rad7 25.Re3 Qd4 26.Qe1 Rc7 27.Rd3 Qc5 28.
b4 1-0

[Event "11th Essent op"]
[Site "Hoogeveen NED"]
[Date "2007.10.12"]
[Round "1.35"]
[White "Meurs, Tom WA"]
[Black "Vuilleumier, Alexandre"]
[Result "1-0"]
[WhiteElo "2051"]
[BlackElo "2315"]
[EventDate "2007.10.12"]
[PlyCount "79"]

1.e4 e5 2.Nf3 Nc6 3.Bb5 a6 4.Ba4 Nf6 5.O-O Be7 6.Re1 b5 7.Bb3 O-O 8.h3 Bb7
9.a3 Na5 10.Ba2 Bxe4 11.Nxe5 Bd5 12.Bxd5 Nxd5 13.Qf3 c6 14.d4 f6 15.Nd3 
Bd6 16.Nd2 Qc7 17.Ne4 Rae8 18.Bd2 Nc4 19.Nxd6 Qxd6 20.Bb4 Nxb4 21.axb4 
Qxd4 22.c3 Qd6 23.Red1 Rf7 24.Nc5 Qe5 25.Nxd7 Qc7 26.Nc5 a5 27.b3 Ne5 28.
Qf4 axb4 29.Qxb4 Rfe7 30.Qa5 Nf3+ 31.gxf3 Re1+ 32.Rxe1 Rxe1+ 33.Kg2 Qxa5 
34.Rxa5 Rc1 35.Ra7 Rxc3 36.Ne6 Rxb3 37.Rxg7+ Kh8 38.Rc7 h6 39.Kg3 Rc3 40.
Kg4 1-0

[Event "11th Essent op"]
[Site "Hoogeveen NED"]
[Date "2007.10.12"]
[Round "1.36"]
[White "Kodentsov, Grigori"]
[Black "Akotchik, Victor"]
[Result "1/2-1/2"]
[WhiteElo "2307"]
[BlackElo "2015"]
[EventDate "2007.10.12"]
[PlyCount "126"]

1.e4 d5 2.exd5 Nf6 3.Bb5+ Bd7 4.Be2 Nxd5 5.d4 Bf5 6.a3 e6 7.Nf3 Bd6 8.O-O 
Nd7 9.c4 Nf4 10.Bxf4 Bxf4 11.g3 Bd6 12.Nh4 Bh3 13.Re1 O-O 14.Nc3 Be7 15.
Ng2 Bxg2 16.Kxg2 Nb6 17.c5 Nd5 18.Bf3 Qd7 19.Qd3 Rad8 20.Bxd5 exd5 21.Re5 
c6 22.h3 g6 23.Rae1 Bf6 24.R5e2 Rde8 25.b4 Rxe2 26.Rxe2 Qf5 27.Qxf5 gxf5 
28.Rd2 Re8 29.Kf1 Kf8 30.Rd3 b6 31.cxb6 axb6 32.b5 cxb5 33.Nxd5 Bd8 34.Nc3
Be7 35.Nd5 Ra8 36.Rb3 Rxa3 37.Rxb5 Ra5 38.Nc3 Bf6 39.Rxa5 bxa5 40.Nb5 Ke7 
41.Ke2 Ke6 42.Kd3 Kd5 43.Nc3+ Kd6 44.Kc4 h5 45.Na4 h4 46.Nc5 Kc7 47.gxh4 
Bxh4 48.f3 Bf6 49.Na4 Kd6 50.Nc5 Kc7 51.d5 Bh4 52.f4 Bg3 53.Nd3 Kd6 54.Nc5
Bxf4 55.h4 Bg3 56.Nb7+ Kc7 57.Nxa5 Bxh4 58.Kd4 Bf6+ 59.Ke3 Kb6 60.Nc6 Kc5 
61.Kf4 Kxd5 62.Kxf5 Bc3 63.Nd8 f6 1/2-1/2

[Event "11th Essent op"]
[Site "Hoogeveen NED"]
[Date "2007.10.12"]
[Round "1.37"]
[White "Middelveld, Martine"]
[Black "Christensen, Stefan"]
[Result "1/2-1/2"]
[WhiteElo "2009"]
[BlackElo "2304"]
[EventDate "2007.10.12"]
[PlyCount "113"]

1.d4 Nf6 2.c4 e6 3.Nf3 b6 4.g3 Bb7 5.Bg2 Be7 6.O-O O-O 7.Nc3 Ne4 8.Qc2 
Nxc3 9.Qxc3 f5 10.b3 Bf6 11.Bb2 d6 12.Rad1 Qe7 13.Ne1 Bxg2 14.Nxg2 Nc6 15.
Qf3 Qd7 16.e4 fxe4 17.Qxe4 Rae8 18.f4 d5 19.Qf3 dxc4 20.d5 exd5 21.Rxd5 
Qe6 22.Bxf6 Qxf6 23.bxc4 Nd4 24.Qd3 c5 25.Ne3 Qc6 26.Ng4 Qa4 27.a3 Rd8 28.
Rxd8 Rxd8 29.Ne5 Qc2 30.Qxc2 Nxc2 31.Rc1 Nd4 32.Kf2 Nb3 33.Rc2 Rd1 34.Nc6 
a5 35.Ne7+ Kf7 36.Nc8 Ra1 37.Nxb6 Rxa3 38.Rb2 Nd4 39.Nd7 Rb3 40.Ra2 Rb4 
41.Rxa5 Rb2+ 42.Ke3 Re2+ 43.Kd3 Rxh2 44.Rxc5 Ne6 45.Re5 h5 46.Re3 Rh1 47.
Ne5+ Kf6 48.Ke4 h4 49.Ng4+ Kf7 50.gxh4 Rxh4 51.Rg3 Rh1 52.Ne5+ Kf6 53.Rg6+
Ke7 54.Nc6+ Kf7 55.Ne5+ Ke7 56.Nd3 Kf7 57.Ne5+ 1/2-1/2

[Event "11th Essent op"]
[Site "Hoogeveen NED"]
[Date "2007.10.12"]
[Round "1.38"]
[White "Miedema, David"]
[Black "Pijpers, Arthur"]
[Result "1/2-1/2"]
[WhiteElo "2303"]
[BlackElo "2000"]
[EventDate "2007.10.12"]
[PlyCount "71"]

1.d4 Nf6 2.c4 c5 3.d5 b5 4.cxb5 a6 5.bxa6 g6 6.Nc3 Bxa6 7.e4 Bxf1 8.Kxf1 
d6 9.Nf3 Bg7 10.g3 O-O 11.Kg2 Nbd7 12.Re1 Ra6 13.e5 Ng4 14.e6 fxe6 15.h3 
Nde5 16.hxg4 Nxf3 17.Rxe6 Be5 18.Bh6 Rf7 19.Qd3 Qa8 20.Rxg6+ hxg6 21.Qxg6+
Bg7 22.Bxg7 Rxg7 23.Qe6+ Rf7 24.Qg6+ Rg7 25.Qe6+ Rf7 26.Rh1 Ng5 27.Qh6 Rg7
28.f4 Rxa2 29.fxg5 Rxb2+ 30.Kf3 Qf8+ 31.Ke4 Rf2 32.Qe6+ Qf7 33.Qc8+ Qf8 
34.Qe6+ Qf7 35.Qc8+ Qf8 36.Qe6+ 1/2-1/2

[Event "11th Essent op"]
[Site "Hoogeveen NED"]
[Date "2007.10.13"]
[Round "2.1"]
[White "Postny, Evgeny"]
[Black "Okkes, Menno"]
[Result "1-0"]
[WhiteElo "2598"]
[BlackElo "2386"]
[EventDate "2007.10.12"]
[PlyCount "89"]

1.c4 e6 2.Nf3 d5 3.d4 Nf6 4.Bg5 Bb4+ 5.Nbd2 dxc4 6.Qc2 b5 7.a4 c6 8.Bxf6 
gxf6 9.g3 Bb7 10.Bg2 Nd7 11.O-O a6 12.b3 cxb3 13.Qxb3 c5 14.axb5 axb5 15.
dxc5 Bxc5 16.Rxa8 Qxa8 17.Qxb5 Bc6 18.Qc4 O-O 19.Ne1 Rc8 20.Qg4+ Kh8 21.
Bxc6 Rxc6 22.Nd3 Be7 23.Rb1 Rb6 24.Rd1 Ra6 25.Qd4 Rd6 26.Qf4 Ra6 27.Qd4 
Rd6 28.Qc3 Qc6 29.Qa5 Rd5 30.Qa2 Ne5 31.Rc1 Qd7 32.Qa8+ Bd8 33.Nxe5 fxe5 
34.Nf3 e4 35.Qa1+ Kg8 36.Ne5 Qd6 37.Ng4 e5 38.Ne3 Rc5 39.Rd1 Qb8 40.Qa4 
Bg5 41.Qxe4 Qc8 42.Nf5 h5 43.h4 Bf6 44.Rd6 Rc1+ 45.Kg2 1-0

[Event "11th Essent op"]
[Site "Hoogeveen NED"]
[Date "2007.10.13"]
[Round "2.3"]
[White "Werle, Jan"]
[Black "Mamedjarova, Zeinab"]
[Result "1-0"]
[WhiteElo "2568"]
[BlackElo "2342"]
[EventDate "2007.10.12"]
[PlyCount "81"]

1.d4 d5 2.c4 e6 3.Nc3 Nf6 4.Nf3 Be7 5.Bg5 O-O 6.e3 Nbd7 7.Bd3 a6 8.cxd5 
exd5 9.O-O c6 10.Qc2 Re8 11.Rad1 h6 12.Bf4 Nf8 13.h3 Bd6 14.Ne5 Qe7 15.Bg3
N6d7 16.f4 f6 17.e4 fxe5 18.fxe5 Bb4 19.exd5 Bxc3 20.bxc3 cxd5 21.Qb3 Qe6 
22.c4 Qb6 23.cxd5 Qxd4+ 24.Kh1 Qb6 25.Qa4 Qd8 26.Qd4 Qg5 27.Bf4 Qh5 28.
Rde1 Ng6 29.e6 Nf6 30.Be5 Nxd5 31.Rf7 Re7 32.Qxd5 Bxe6 33.Rxg7+ Rxg7 34.
Qxe6+ Kh7 35.Bxg7 Kxg7 36.Qd7+ Kh8 37.Qd4+ Kg8 38.Bc4+ Kh7 39.Qd7+ Kh8 40.
Re8+ Rxe8 41.Qxe8+ 1-0

[Event "11th Essent op"]
[Site "Hoogeveen NED"]
[Date "2007.10.13"]
[Round "2.4"]
[White "Nijboer, Friso"]
[Black "Ruijgrok, Dennis"]
[Result "1-0"]
[WhiteElo "2559"]
[BlackElo "2330"]
[EventDate "2007.10.12"]
[PlyCount "121"]

1.e4 e5 2.Nf3 Nc6 3.Bb5 a6 4.Ba4 Nf6 5.O-O Be7 6.Re1 b5 7.Bb3 d6 8.c3 O-O 
9.h3 Nb8 10.d4 Nbd7 11.Nbd2 Bb7 12.Bc2 Re8 13.Nf1 Bf8 14.Ng3 g6 15.a4 c5 
16.d5 c4 17.Bg5 Nc5 18.Qd2 Be7 19.Bh6 Bf8 20.Bxf8 Rxf8 21.Qh6 Qe7 22.Ng5 
Rfe8 23.f4 Ncd7 24.fxe5 dxe5 25.Nf3 Qf8 26.Qd2 Rec8 27.Rf1 Ne8 28.Nh2 Nd6 
29.Ng4 f6 30.Rf3 Qe7 31.Qf2 Kg7 32.Qe3 Kg8 33.Nh6+ Kh8 34.Raf1 Rf8 35.R3f2
Ne8 36.Kh2 Bc8 37.Ra1 Rb8 38.axb5 axb5 39.Ra7 Qc5 40.Qxc5 Nxc5 41.Ng4 Bxg4
42.hxg4 h6 43.Rf1 Nd6 44.Rc7 Ncb7 45.Nh1 Ra8 46.Nf2 Rf7 47.Rc6 Kg7 48.Nd1 
Ra1 49.Kg1 Ne8 50.Ne3 Rxf1+ 51.Nxf1 Nbd6 52.Ra6 Rb7 53.Nd2 Kf7 54.Kf2 Ke7 
55.Ke3 Nc7 56.Rc6 Kd7 57.b3 Ra7 58.bxc4 Ra3 59.Bb3 bxc4 60.Rxd6+ Ke7 61.
Rc6 1-0

[Event "11th Essent op"]
[Site "Hoogeveen NED"]
[Date "2007.10.13"]
[Round "2.5"]
[White "Gofshtein, Leonid D"]
[Black "Pg, Mohd Omar Ak Hirawa"]
[Result "1-0"]
[WhiteElo "2541"]
[BlackElo "2316"]
[EventDate "2007.10.12"]
[PlyCount "83"]

1.Nf3 Nf6 2.g3 g6 3.b3 Bg7 4.Bb2 c5 5.c4 b6 6.Bg2 Bb7 7.O-O O-O 8.e3 d5 9.
Qe2 Nc6 10.Rd1 Rc8 11.d3 Qd7 12.e4 d4 13.e5 Nh5 14.Re1 f6 15.e6 Qc7 16.Na3
Ne5 17.Nc2 Nxf3+ 18.Bxf3 Bxf3 19.Qxf3 f5 20.b4 Qc6 21.Qxc6 Rxc6 22.bxc5 
bxc5 23.Rab1 Rb8 24.Ba3 Rbb6 25.Rb5 Rxb5 26.cxb5 Rc7 27.Rc1 Be5 28.Na1 Bd6
29.Nb3 Ng7 30.Nxc5 h6 31.Nb3 Rxc1+ 32.Bxc1 Nxe6 33.Bxh6 g5 34.h4 gxh4 35.
gxh4 f4 36.Kg2 Kh7 37.Bg5 Kg6 38.Kf3 Kf5 39.a4 Nxg5+ 40.hxg5 Kxg5 41.Nxd4 
e5 42.Nc6 1-0

[Event "11th Essent op"]
[Site "Hoogeveen NED"]
[Date "2007.10.13"]
[Round "2.6"]
[White "Grooten, Herman"]
[Black "Abergel, Thal"]
[Result "0-1"]
[WhiteElo "2350"]
[BlackElo "2528"]
[EventDate "2007.10.12"]
[PlyCount "112"]

1.d4 d5 2.c4 c6 3.Nc3 Nf6 4.Nf3 a6 5.c5 Bf5 6.Qb3 Qc8 7.h3 h6 8.Bf4 Nbd7 
9.g4 Be6 10.Qc2 g6 11.e3 Bg7 12.Bd3 b6 13.cxb6 Nxb6 14.Na4 Nxa4 15.Qxa4 
O-O 16.Rc1 g5 17.Bh2 Bd7 18.Qa3 Re8 19.Nd2 Nh7 20.Nb3 f5 21.Nc5 fxg4 22.
Bxa6 Qd8 23.hxg4 Bc8 24.Bxc8 Rxa3 25.Be6+ Kh8 26.bxa3 Qa5+ 27.Kf1 Qd2 28.
Kg2 Nf8 29.Bf7 Ra8 30.a4 Qe2 31.Bh5 Kh7 32.Bg3 Ng6 33.Rhe1 Qxa2 34.Ra1 Qd2
35.Red1 Qa5 36.Ne6 Nf8 37.Nxg7 Kxg7 38.Rdc1 Rc8 39.Rc5 Qa6 40.Rc2 Nd7 41.
Kg1 c5 42.dxc5 Rxc5 43.Rxc5 Nxc5 44.Rc1 Qa5 45.Be8 Kf6 46.Bb5 Qb4 47.Rd1 
Ne4 48.Kh2 Nxg3 49.Kxg3 h5 50.Rd4 h4+ 51.Kg2 Qe1 52.a5 Qxa5 53.Bc6 e6 54.
Rd1 Qa6 55.Bxd5 exd5 56.Rxd5 h3+ 0-1

[Event "11th Essent op"]
[Site "Hoogeveen NED"]
[Date "2007.10.13"]
[Round "2.7"]
[White "Erwich, Frank"]
[Black "Winants, Luc"]
[Result "0-1"]
[WhiteElo "2346"]
[BlackElo "2504"]
[EventDate "2007.10.12"]
[PlyCount "134"]

1.c4 e5 2.Nc3 Nc6 3.g3 Bb4 4.Bg2 Bxc3 5.bxc3 d6 6.Rb1 Nge7 7.d3 O-O 8.e4 
b6 9.Ne2 f5 10.exf5 Bxf5 11.Bg5 Qe8 12.O-O Qg6 13.Bxe7 Nxe7 14.Bxa8 Rxa8 
15.Nc1 Bh3 16.Re1 Rf8 17.Rb2 Bg4 18.Qb3 c5 19.Qc2 Nf5 20.Nb3 Nh4 21.Nd2 
Nf3+ 22.Nxf3 Bxf3 23.Re3 Qf5 24.Rxf3 Qxf3 25.Qe2 Qc6 26.Qe4 Qxe4 27.dxe4 
Rf3 28.Rb3 g5 29.Kf1 Kf7 30.Ke2 g4 31.h4 Ke6 32.Ra3 h5 33.Ke1 a5 34.Rb3 a4
35.Ra3 Kd7 36.Ke2 Kc6 37.Ke1 Kc7 38.Kf1 Kb7 39.Ke2 d5 40.exd5 e4 41.Rxa4 
Rxc3 42.Kd2 Rd3+ 43.Ke2 Rf3 44.Ke1 e3 45.fxe3 Rxe3+ 46.Kf2 Rf3+ 47.Kg2 Rc3
48.Kf2 Rd3 49.Kg2 Rd2+ 50.Kg1 Rc2 51.Kf1 Kc7 52.Ra7+ Kd6 53.Rh7 Rxc4 54.
Rxh5 Rc3 55.Kf2 Rf3+ 56.Kg2 Ra3 57.Rf5 Rxa2+ 58.Kg1 c4 59.h5 c3 60.Rf1 b5 
61.h6 Ra7 62.Rc1 b4 63.Kf2 Kxd5 64.Ke2 Kc4 65.Rh1 Rh7 66.Rh4 Kb3 67.Rh1 c2
0-1

[Event "11th Essent op"]
[Site "Hoogeveen NED"]
[Date "2007.10.13"]
[Round "2.8"]
[White "De Jong, Migchiel"]
[Black "Rasmussen, Allan Stig"]
[Result "1/2-1/2"]
[WhiteElo "2341"]
[BlackElo "2485"]
[EventDate "2007.10.12"]
[PlyCount "197"]

1.e4 c6 2.d3 d5 3.Nd2 e5 4.Ngf3 Bd6 5.d4 exd4 6.exd5 cxd5 7.Bb5+ Nc6 8.
Nxd4 Ne7 9.N2f3 O-O 10.O-O a6 11.Bd3 Bc7 12.Be3 Ng6 13.Re1 Nf4 14.Bxf4 
Bxf4 15.g3 Bc7 16.c3 g6 17.Bf1 Qf6 18.Bg2 Rd8 19.Qb3 Na5 20.Qc2 Bb6 21.
Rad1 Nc4 22.b3 Nd6 23.c4 dxc4 24.bxc4 Nf5 25.Nb3 Be6 26.c5 Rxd1 27.Rxd1 
Rc8 28.Qe4 Bxb3 29.axb3 Rxc5 30.Rd7 Nd6 31.Qd3 Rc1+ 32.Bf1 Bc5 33.Kg2 Rc3 
34.Qd1 Qe6 35.Rd8+ Kg7 36.b4 Qf6 37.bxc5 Qxd8 38.cxd6 Rc6 39.Qb3 Rb6 40.
Qc3+ f6 41.Nd4 Rxd6 42.Nb3 Rc6 43.Qe3 Qd5+ 44.Kg1 Qe5 45.Qa7 Qc7 46.Nd4 
Rd6 47.Bxa6 Rxd4 48.Qxd4 bxa6 49.h4 a5 50.Qa4 Kf7 51.Qb3+ Ke7 52.Qg8 Kd6 
53.Qf8+ Ke5 54.h5 Qc1+ 55.Kh2 Qc2 56.Qb8+ Kf5 57.Qf4+ Ke6 58.hxg6 hxg6 59.
Qe3+ Kd5 60.Qf3+ Qe4 61.Qxf6 a4 62.Qc3 Qd4 63.Qc2 Qe4 64.Qc3 Qc4 65.Qa5+ 
Ke4 66.Qg5 Qc6 67.Qe3+ Kd5 68.Qd3+ Kc5 69.f4 Kb4 70.Qb1+ Ka5 71.f5 gxf5 
72.Qxf5+ Qb5 73.Qf3 Qe5 74.Kh3 Kb4 75.Qb7+ Kc3 76.Qc6+ Kb3 77.Qf3+ Qc3 78.
Qd1+ Qc2 79.Qd5+ Qc4 80.Qd1+ Kb2 81.Qd2+ Qc2 82.Qd4+ Kb1 83.Qd6 Ka2 84.
Qd5+ Kb2 85.Qd4+ Kb1 86.Qd6 Qb3 87.Qg6+ Ka2 88.Kh4 a3 89.g4 Kb2 90.Qf6+ 
Qc3 91.Qf2+ Kc1 92.Qf1+ Kd2 93.g5 Qd4+ 94.Kh5 Qh8+ 95.Kg4 Qc8+ 96.Kh4 Qh8+
97.Kg4 Qd4+ 98.Kh5 Qh8+ 99.Kg4 1/2-1/2

[Event "11th Essent op"]
[Site "Hoogeveen NED"]
[Date "2007.10.13"]
[Round "2.9"]
[White "Haub, Thorsten Michael"]
[Black "Mamedjarova, Turkan"]
[Result "1-0"]
[WhiteElo "2469"]
[BlackElo "2227"]
[EventDate "2007.10.12"]
[PlyCount "67"]

1.g3 f5 2.Bg2 Nf6 3.c4 g6 4.Nc3 Bg7 5.Nf3 O-O 6.Rb1 c5 7.a3 d6 8.b4 e5 9.
bxc5 e4 10.Nd4 dxc5 11.Nc2 Ng4 12.Nd5 Be6 13.O-O Bxd5 14.cxd5 Qxd5 15.d3 
Rd8 16.Ne3 Nxe3 17.Bxe3 Nc6 18.dxe4 Qxd1 19.Rfxd1 Rxd1+ 20.Rxd1 Nd4 21.
exf5 Rb8 22.fxg6 hxg6 23.Kf1 b5 24.Bf4 Rb6 25.Bd5+ Kh7 26.e3 Nf5 27.Be4 
Re6 28.Bc2 b4 29.axb4 cxb4 30.Rd7 a6 31.Rb7 a5 32.Ra7 Ne7 33.Bb3 Nc6 34.
Rxg7+ 1-0

[Event "11th Essent op"]
[Site "Hoogeveen NED"]
[Date "2007.10.13"]
[Round "2.10"]
[White "Hedke, Fred"]
[Black "Smerdon, David"]
[Result "0-1"]
[WhiteElo "2323"]
[BlackElo "2466"]
[EventDate "2007.10.12"]
[PlyCount "76"]

1.e4 e6 2.d4 d5 3.exd5 exd5 4.c4 Nf6 5.Nc3 Bb4 6.Nf3 O-O 7.Be2 dxc4 8.Bxc4
Bg4 9.O-O Nc6 10.Be3 Rb8 11.Be2 Nd5 12.Qd3 Nxc3 13.bxc3 Bxf3 14.gxf3 Bd6 
15.Qf5 Qh4 16.h3 Ne7 17.Qg4 Ng6 18.Bd3 h5 19.Qxh4 Nxh4 20.Be4 f5 21.Bd5+ 
Kh7 22.Bg5 Ng6 23.Rfe1 Bf4 24.Be7 Rfe8 25.Bb4 Rxe1+ 26.Rxe1 Bd2 27.Rd1 Bg5
28.Kf1 Nf4 29.Bf7 g6 30.Re1 Nxh3 31.Be7 Kg7 32.Bd5 Bd2 33.Rd1 Bxc3 34.Rc1 
Ba5 35.Bc5 Nf4 36.Bb3 h4 37.Bxa7 Ra8 38.Bc5 h3 0-1

[Event "11th Essent op"]
[Site "Hoogeveen NED"]
[Date "2007.10.13"]
[Round "2.11"]
[White "Simutowe, Amon"]
[Black "Rooda, Kai P"]
[Result "1-0"]
[WhiteElo "2421"]
[BlackElo "2146"]
[EventDate "2007.10.12"]
[PlyCount "59"]

1.d4 Nc6 2.c4 e5 3.Nf3 exd4 4.Nxd4 Bc5 5.Nb3 Bb4+ 6.Bd2 Nf6 7.Nc3 O-O 8.
Nd5 Bxd2+ 9.Qxd2 d6 10.g3 Ne5 11.Rc1 Re8 12.Bg2 Bh3 13.O-O Bxg2 14.Kxg2 
Ne4 15.Qc2 Ng6 16.f3 Nf6 17.e4 c6 18.Ne3 Qb6 19.Nf5 Rad8 20.Nxd6 Rxd6 21.
c5 Qd8 22.cxd6 Qxd6 23.Qc5 Qb8 24.Rfd1 Ne5 25.Nd4 g6 26.Ne2 Qc8 27.Nf4 
Nxf3 28.Kxf3 Qg4+ 29.Kg2 g5 30.h3 1-0

[Event "11th Essent op"]
[Site "Hoogeveen NED"]
[Date "2007.10.13"]
[Round "2.12"]
[White "Kuipers, Stefan"]
[Black "Peng, Zhaoqin"]
[Result "0-1"]
[WhiteElo "2283"]
[BlackElo "2419"]
[EventDate "2007.10.12"]
[PlyCount "72"]

1.e4 c5 2.Nf3 Nc6 3.d4 cxd4 4.Nxd4 Qc7 5.Nc3 e6 6.Be3 a6 7.Qd2 Nf6 8.f3 
Ne5 9.O-O-O b5 10.Bf4 Bb7 11.Bg3 b4 12.Nce2 Rc8 13.Kb1 h6 14.Nc1 d5 15.
Bxe5 Qxe5 16.f4 Qc7 17.e5 Ne4 18.Qe3 Bc5 19.Bd3 O-O 20.Ncb3 Bb6 21.Nd2 f6 
22.exf6 Rxf6 23.Nxe4 dxe4 24.Bxe4 Bxe4 25.Qxe4 Rxf4 26.Qxe6+ Kh8 27.Nb3 
Qxc2+ 28.Ka1 Rf6 29.Qg4 Rc4 30.Qg3 Bc7 31.Qe3 Rf2 32.Rb1 Re4 33.Qc5 Be5 
34.Qxc2 Rxc2 35.Nc1 Rxg2 36.Nd3 Bf6 0-1

[Event "11th Essent op"]
[Site "Hoogeveen NED"]
[Date "2007.10.13"]
[Round "2.13"]
[White "Reinderman, Dimitri"]
[Black "Meurs, Tom WA"]
[Result "1-0"]
[WhiteElo "2510"]
[BlackElo "2051"]
[EventDate "2007.10.12"]
[PlyCount "58"]

1.c4 Nf6 2.Nc3 g6 3.e4 d6 4.d4 Bg7 5.Bd3 O-O 6.Nge2 e5 7.d5 a5 8.Ng3 Na6 
9.O-O Nc5 10.Bc2 Nfd7 11.Be3 h5 12.h3 Nf6 13.Nge2 Nh7 14.Kh2 Qh4 15.Qd2 
Bf6 16.Nb5 Ng5 17.f3 Bxh3 18.Bf2 Ncxe4 19.Bxe4 Nxe4 20.fxe4 Qxe4 21.gxh3 
Qxc4 22.Nec3 Bg7 23.b3 Qb4 24.a3 Qf4+ 25.Qxf4 exf4 26.Bd4 g5 27.Bxg7 Kxg7 
28.h4 f6 29.Nxc7 Rac8 1-0

[Event "11th Essent op"]
[Site "Hoogeveen NED"]
[Date "2007.10.13"]
[Round "2.14"]
[White "Giddins, Stephen"]
[Black "Smeets, Jan"]
[Result "0-1"]
[WhiteElo "2190"]
[BlackElo "2558"]
[EventDate "2007.10.12"]
[PlyCount "62"]

1.Nf3 d5 2.d4 Nf6 3.c4 e6 4.Nc3 Bb4 5.e3 O-O 6.Bd3 c5 7.O-O Nc6 8.a3 Bxc3 
9.bxc3 Qc7 10.Qc2 dxc4 11.Bxc4 e5 12.Bd3 Qe7 13.Nxe5 Nxe5 14.dxe5 Qxe5 15.
f3 Qe7 16.c4 Rd8 17.Re1 h6 18.Bb2 Nd7 19.Rad1 Nf8 20.Qf2 f6 21.Qh4 Be6 22.
e4 Qf7 23.Qf2 Nd7 24.f4 Rac8 25.Qe2 Nb6 26.Rc1 Qd7 27.f5 Qxd3 28.Qg4 h5 
29.Qxh5 Bf7 30.Qg4 Nd7 31.e5 Nxe5 0-1

[Event "11th Essent op"]
[Site "Hoogeveen NED"]
[Date "2007.10.13"]
[Round "2.16"]
[White "Pel, Bonno"]
[Black "Visser, Yge"]
[Result "0-1"]
[WhiteElo "2280"]
[BlackElo "2470"]
[EventDate "2007.10.12"]
[PlyCount "42"]

1.g3 e5 2.Bg2 d6 3.Nf3 Be7 4.d4 e4 5.Nfd2 d5 6.c4 c6 7.Nc3 f5 8.O-O Nf6 9.
Rb1 Be6 10.b4 dxc4 11.e3 O-O 12.f3 Nd5 13.Nxd5 cxd5 14.g4 exf3 15.Bxf3 Nc6
16.b5 Nb4 17.gxf5 Bxf5 18.e4 Bh3 19.Ba3 Nd3 20.Bxe7 Qxe7 21.Qe2 Nf4 0-1

[Event "11th Essent op"]
[Site "Hoogeveen NED"]
[Date "2007.10.13"]
[Round "2.17"]
[White "Van Delft, Merijn"]
[Black "Van der Leest, Bert"]
[Result "1-0"]
[WhiteElo "2418"]
[BlackElo "2199"]
[EventDate "2007.10.12"]
[PlyCount "49"]

1.e4 c5 2.Nf3 d6 3.d4 cxd4 4.Nxd4 Nf6 5.Nc3 g6 6.Be3 Bg7 7.f3 Nc6 8.Qd2 
O-O 9.Bc4 Bd7 10.O-O-O Rb8 11.Bb3 Ne5 12.Kb1 b5 13.h4 Nc4 14.Bxc4 bxc4 15.
Ka1 Qb6 16.Rb1 Qa5 17.h5 Rb4 18.hxg6 fxg6 19.Bh6 Rfb8 20.Bxg7 Kxg7 21.Nde2
Be6 22.g4 Qe5 23.Qh6+ Kg8 24.f4 Qa5 25.g5 1-0

[Event "11th Essent op"]
[Site "Hoogeveen NED"]
[Date "2007.10.13"]
[Round "2.18"]
[White "Pruijssers, Roeland"]
[Black "Hulshof, Peter"]
[Result "0-1"]
[WhiteElo "2408"]
[BlackElo "2163"]
[EventDate "2007.10.12"]
[PlyCount "92"]

1.e4 g6 2.d4 Bg7 3.Nc3 c6 4.f4 d5 5.e5 Nh6 6.Nf3 f6 7.Be3 O-O 8.h3 b6 9.
Ne2 Ba6 10.c3 Nd7 11.Qd2 Nf5 12.Bf2 fxe5 13.dxe5 Nc5 14.Ned4 Bxf1 15.Rxf1 
Ne4 16.Qc1 Qd7 17.Ne2 Bh6 18.g4 Nfg3 19.Bxg3 Nxg3 20.Nxg3 Bxf4 21.Qc2 
Bxg3+ 22.Kd2 Qe6 23.Kd3 c5 24.Qe2 d4 25.c4 b5 26.b3 bxc4+ 27.bxc4 Bf4 28.
Qe4 Qa6 29.Qd5+ e6 30.Qxc5 Rac8 31.Qb5 Qa3+ 32.Qb3 Qc5 33.Qb5 Qa3+ 34.Qb3 
Qa5 35.Ke4 Be3 36.Nxd4 Rxf1 37.Rxf1 Bxd4 38.c5 Qa6 39.Rf6 Bxc5 40.Rxe6 
Qe2+ 41.Kf4 Be3+ 42.Ke4 Rc4+ 43.Kd5 Rc5+ 44.Ke4 Bf2+ 45.Kf4 Rc4+ 46.Kg5 
Qd2+ 0-1

[Event "11th Essent op"]
[Site "Hoogeveen NED"]
[Date "2007.10.13"]
[Round "2.19"]
[White "Van der Veen, Jan"]
[Black "Vedder, Henk"]
[Result "0-1"]
[WhiteElo "2144"]
[BlackElo "2364"]
[EventDate "2007.10.12"]
[PlyCount "62"]

1.e4 e6 2.d4 d5 3.Nc3 Nf6 4.Bg5 Be7 5.e5 Nfd7 6.Bxe7 Qxe7 7.f4 a6 8.Nf3 c5
9.dxc5 Nc6 10.Qd2 Qxc5 11.Bd3 b5 12.Ne2 b4 13.c3 bxc3 14.Nxc3 f6 15.Na4 
Qb4 16.Qxb4 Nxb4 17.Kd2 fxe5 18.fxe5 O-O 19.Rhe1 Rf4 20.b3 Bb7 21.Rac1 Bc6
22.Nb2 Bb5 23.Bb1 Rg4 24.Rg1 a5 25.a3 Na6 26.h3 Rg3 27.Nd3 Bxd3 28.Bxd3 
Nac5 29.Bc2 Rb8 30.Rb1 Ne4+ 31.Ke1 Rf8 0-1

[Event "11th Essent op"]
[Site "Hoogeveen NED"]
[Date "2007.10.13"]
[Round "2.20"]
[White "Van Opheusden, Bas"]
[Black "Tondivar, Babak"]
[Result "1/2-1/2"]
[WhiteElo "2149"]
[BlackElo "2353"]
[EventDate "2007.10.12"]
[PlyCount "89"]

1.e4 e6 2.d4 d5 3.Nc3 Bb4 4.e5 Ne7 5.a3 Bxc3+ 6.bxc3 c5 7.Qg4 O-O 8.Bd3 f5
9.exf6 Rxf6 10.Bg5 Rf7 11.Qh4 h6 12.Bxe7 Qxe7 13.Qxe7 Rxe7 14.Nf3 Nc6 15.
O-O e5 16.Nxe5 Nxe5 17.dxe5 Rxe5 18.Rfe1 Rxe1+ 19.Rxe1 Bd7 20.c4 d4 21.Be4
Re8 22.Kf1 b6 23.Bd5+ Kf8 24.Rxe8+ Bxe8 25.Ke2 Ke7 26.f4 Kd6 27.g4 b5 28.
Kd3 a5 29.Bg8 b4 30.axb4 axb4 31.Bd5 g5 32.f5 Ke5 33.h3 h5 34.Ke2 Ba4 35.
Kd3 Bd7 36.Ke2 hxg4 37.hxg4 Bxf5 38.gxf5 Kxf5 39.Bg8 Kf4 40.Bh7 Kg3 41.Be4
g4 42.Bf5 Kf4 43.Bd7 g3 44.Bc6 Kg4 45.Bg2 1/2-1/2

[Event "11th Essent op"]
[Site "Hoogeveen NED"]
[Date "2007.10.13"]
[Round "2.21"]
[White "Akotchik, Victor"]
[Black "Afek, Yochanan"]
[Result "1-0"]
[WhiteElo "2015"]
[BlackElo "2350"]
[EventDate "2007.10.12"]
[PlyCount "52"]

1.d4 d5 2.Nc3 Bf5 3.f3 Nf6 4.Bg5 Nbd7 5.Nxd5 Nxd5 6.e4 Be6 7.exd5 Bxd5 8.
c4 Be6 9.Bd3 f6 10.Be3 Bf7 11.Qc2 e5 12.O-O-O exd4 13.Bxd4 Bd6 14.Nh3 g6 
15.Rhe1+ Kf8 16.c5 Bxh2 17.f4 c6 18.Bc4 Bxc4 19.Qxc4 Kg7 20.Rh1 Bg3 21.Qc3
Bh4 22.g3 Bxg3 23.Qxg3 Qc7 24.Ng5 Rae8 25.Rde1 Rxe1+ 26.Rxe1 Nf8 1-0